[Event "TechM GCL 2025"]
[Site "Mumbai IND"]
[Date "2025.12.22"]
[Round "10.1"]
[White "Anand,V"]
[Black "Nakamura,Hi"]
[Result "1/2-1/2"]
[WhiteElo "2743"]
[BlackElo "2810"]

1.e4 e5 2.Nf3 Nc6 3.Bb5 a6 4.Ba4 b5 5.Bb3 Na5 6.O-O d6 7.d4 exd4 8.Nxd4 Bb7
9.c4 c5 10.Nf5 g6 11.Ne3 Nf6 12.Nc3 Bg7 13.cxb5 axb5 14.Nxb5 O-O 15.Bd5 Nxd5
16.Nxd5 Nc4 17.Qc2 Nb6 18.Bg5 Qxg5 19.Nxb6 Rab8 20.Nxd6 Ba6 21.Nbc4 Bd4 22.Rae1 Be5
23.Rd1 Bxd6 24.Rxd6 Bxc4 25.Qxc4 Rxb2 26.Rd5 Qe7 27.Rxc5 Rxa2 28.Rc7 Ra4
29.Qxa4 Qxc7 30.g3 Qe5 31.Rd1 Re8 32.Rd4 Kg7 33.Qc4 Re7 34.Kg2 h5 35.h4 Re8
36.Qd5 Qe7 37.Ra4 Rd8 38.Qc4 Qf6 39.Ra2 Qd4 40.Qc2 Qd3 41.Qxd3  1/2-1/2

[Event "Titled Tue 23rd Dec 2025"]
[Site "chess.com INT"]
[Date "2025.12.23"]
[Round "1"]
[White "Shafer,Logan C"]
[Black "Nakamura,Hi"]
[Result "0-1"]
[WhiteElo "2206"]
[BlackElo "2810"]

1.e4 g6 2.d4 Bg7 3.Nc3 a6 4.Be3 d6 5.h4 h6 6.Qd2 b5 7.a3 Nd7 8.f3 Ngf6 9.O-O-O Nb6
10.Nh3 Bxh3 11.Rxh3 e6 12.Kb1 Rb8 13.g4 Nfd7 14.Rh1 Qe7 15.f4 Nf6 16.Be2 h5
17.g5 Ng4 18.Bg1 c6 19.b3 d5 20.Ka2 Bf8 21.Qc1 b4 22.Nb1 dxe4 23.a4 Nd5 24.Bxa6 Ra8
25.Bc4 Nc3+ 26.Nxc3 bxc3 27.Be2 Qb4 28.Rh3 Rxa4+ 29.bxa4 Qxa4+ 30.Kb1 Ba3
31.Rxc3 Bxc1 32.Kxc1 O-O 33.Kd2 Qb4 34.Ra1 c5  0-1

[Event "Titled Tue 23rd Dec 2025"]
[Site "chess.com INT"]
[Date "2025.12.23"]
[Round "2"]
[White "Nakamura,Hi"]
[Black "Shandrygin,Nikita"]
[Result "1-0"]
[WhiteElo "2810"]
[BlackElo "2209"]

1.b3 d5 2.Bb2 c5 3.e3 a6 4.c4 Nf6 5.cxd5 Nxd5 6.Nf3 Nc6 7.Nc3 Bg4 8.Be2 Ndb4
9.Qb1 e6 10.a3 Nd5 11.O-O Be7 12.h3 Bh5 13.Nxd5 Qxd5 14.Bxg7 Rg8 15.Qxh7 O-O-O
16.e4 Qd7 17.Qxh5 Rxg7 18.Rac1 Rdg8 19.g3 Kb8 20.Rxc5 Qd6 21.Rxc6 Qxc6 22.b4 Qxe4
23.Qe5+ Qxe5 24.Nxe5 Bf6 25.Nd7+  1-0

[Event "Titled Tue 23rd Dec 2025"]
[Site "chess.com INT"]
[Date "2025.12.23"]
[Round "3"]
[White "Steinberg,N"]
[Black "Nakamura,Hi"]
[Result "0-1"]
[WhiteElo "2556"]
[BlackElo "2810"]

1.e4 c6 2.Nf3 d5 3.Nc3 dxe4 4.Nxe4 Nf6 5.Qe2 Bf5 6.Nxf6+ gxf6 7.d4 e6 8.c3 Nd7
9.Bf4 Nb6 10.Qd2 Nd5 11.Bg3 h5 12.Bd3 Bxd3 13.Qxd3 f5 14.c4 Nf6 15.Be5 Rg8
16.Bxf6 Qxf6 17.g3 O-O-O 18.O-O-O c5 19.Kb1 cxd4 20.Rhe1 Bc5 21.a3 Kb8 22.b4 Bb6
23.c5 Bc7 24.c6 Rd5 25.Rc1 e5 26.cxb7 e4 27.Qb3 Qe6 28.Nd2 Rgd8 29.Rc4 R5d7
30.Rec1 e3 31.fxe3 dxe3 32.Nf3 e2 33.Qc3 Rd3 34.Qc2 Rd1 35.Rxc7 Rxc1+ 36.Kxc1 e1=Q+
37.Nxe1 Qxe1+ 38.Kb2 Qe5+ 39.Rc3 Kxb7 40.Qg2+ Qe4 41.Qxe4+ fxe4 42.Rc5 Rd2+
43.Kc3 Rxh2 44.Rf5 Rh3 45.Kd4 Rxg3 46.Rxf7+ Kb6 47.a4 e3 48.Rf6+ Kb7 49.Rf7+ Kb6
50.Rf6+ Kc7 51.Rf7+ Kd6 52.Rf6+ Ke7 53.Rf5 h4 54.Rh5 h3 55.Kd3 Kd6 56.Ke2 Rg4
57.Rxh3 Rxb4 58.a5 Rb2+ 59.Ke1 Rb1+ 60.Ke2 Rb2+ 61.Ke1 e2 62.Rh5 Rb1+ 63.Kxe2 Rb3
64.Kd2 Rb2+ 65.Kc3 Rg2 66.Rh6+ Kc5 67.Rh5+ Kc6 68.Rh6+ Kb5 69.Rh5+ Ka4 70.Rh6 Rg4
71.Rh4 Rxh4  0-1

[Event "Titled Tue 23rd Dec 2025"]
[Site "chess.com INT"]
[Date "2025.12.23"]
[Round "4"]
[White "Nakamura,Hi"]
[Black "Oparin,G"]
[Result "1-0"]
[WhiteElo "2810"]
[BlackElo "2658"]

1.Nf3 Nf6 2.g3 b5 3.Bg2 Bb7 4.Na3 a6 5.c4 c6 6.b3 e6 7.O-O d5 8.d4 Nbd7 9.c5 a5
10.Nb1 Ne4 11.Nfd2 Nxd2 12.Nxd2 Be7 13.e4 O-O 14.e5 b4 15.Re1 Ba6 16.Nf1 Qc7
17.Bf4 a4 18.h4 Qb7 19.Ne3 Bb5 20.Qd2 axb3 21.axb3 Rxa1 22.Rxa1 Ra8 23.Re1 Bd8
24.Bg5 Bxg5 25.hxg5 Ra3 26.Qxb4 Qa8 27.Bf1 Ra5 28.Qc3 Nf8 29.Bxb5 Rxb5 30.Ra1 Qb8
31.Ra3 Qd8 32.f4 Ng6 33.Ra6 Ne7 34.Kf2 Rb8 35.Ke2 Qc7 36.Kd2 Qc8 37.Ra7 Qd8
38.Kc2 Nc8 39.Ra6 Qc7 40.Ra4 Qb7 41.f5 Na7 42.f6 Nb5 43.Qd3 gxf6 44.exf6 Kh8
45.Ng4 Rg8 46.Qe3 Qc7 47.Ne5 h6 48.g6  1-0

[Event "Titled Tue 23rd Dec 2025"]
[Site "chess.com INT"]
[Date "2025.12.23"]
[Round "5"]
[White "Le Tuan Minh"]
[Black "Nakamura,Hi"]
[Result "0-1"]
[WhiteElo "2598"]
[BlackElo "2810"]

1.d4 Nf6 2.c4 g6 3.Nc3 Bg7 4.e4 d6 5.Be2 O-O 6.Be3 Nbd7 7.h3 e5 8.d5 Nc5
9.Qc2 a5 10.g4 Nfd7 11.Nf3 Nb6 12.Nd2 Bf6 13.O-O-O Bg5 14.Nf1 Bd7 15.Kb1 Nba4
16.Nb5 Kh8 17.h4 Bxh4 18.Ng3 Bg5 19.Qd2 f6 20.Rh2 Rf7 21.Rdh1 Bxb5 22.cxb5 Nb6
23.b3 Ncd7 24.Qc3 a4 25.b4 a3 26.Rc1 Nf8 27.Nf1 Kg8 28.Nd2 Bxe3 29.Qxe3 Nc8
30.f3 Nd7 31.Rc3 Ra4 32.Rxa3 Rxb4+ 33.Nb3 Ncb6 34.Rh1 Ra4 35.Rxa4 Nxa4 36.Rc1 Ndc5
37.Nd2 Nb6 38.Bc4 Qe7 39.Kc2 Kh8 40.Bd3 Rf8 41.Bc4 Ra8 42.a3 Qd7 43.Be2 Qf7
44.Kb2 f5 45.gxf5 gxf5 46.Ka2 f4 47.Qf2 Rg8 48.Nb3 Nba4 49.Bc4 Qg7 50.Rc2 Qg3
51.Qe2 Qg1 52.Qd2 b6 53.Qe2 Nc3+  0-1

[Event "Titled Tue 23rd Dec 2025"]
[Site "chess.com INT"]
[Date "2025.12.23"]
[Round "6"]
[White "Nakamura,Hi"]
[Black "Abdusattorov,Nodirbek"]
[Result "1/2-1/2"]
[WhiteElo "2810"]
[BlackElo "2732"]

1.Nf3 c5 2.e4 e6 3.c3 Nf6 4.e5 Nd5 5.a3 b6 6.d4 cxd4 7.Nxd4 Bb7 8.Nd2 Nc6
9.Nxc6 Bxc6 10.Nf3 Ne7 11.Bd3 Ng6 12.Qe2 Qc7 13.O-O Be7 14.Re1 O-O 15.Be4 Rae8
16.h4 Bxe4 17.Qxe4 f5 18.Qd4 d5 19.exd6 Bxd6 20.h5 Nf4 21.Bxf4 Bxf4 22.Rad1 e5
23.Qd7 e4 24.Qxc7 Bxc7 25.Nd4 g6 26.Nc6 a5 27.hxg6 hxg6 28.Rd7 Rf7 29.Red1 Be5
30.Rxf7 Kxf7 31.Rd7+ Kf6 32.Rb7 Re6 33.Rxb6 Bc7 34.Ra6 f4 35.Kf1 a4 36.Nb4 Rxa6
37.Nxa6 Bd6 38.f3 e3 39.Nb4 Bxb4 40.axb4 Ke5 41.b5 Kd5 42.c4+ Kc5 43.Ke2 g5
44.Kd3 Kb6 45.Ke2 Kc5 46.Kd3 Kb6 47.Ke2 Kc5  1/2-1/2

[Event "Titled Tue 23rd Dec 2025"]
[Site "chess.com INT"]
[Date "2025.12.23"]
[Round "7"]
[White "Nakamura,Hi"]
[Black "Vachier Lagrave,M"]
[Result "1/2-1/2"]
[WhiteElo "2810"]
[BlackElo "2734"]

1.e4 c5 2.Nf3 d6 3.d4 cxd4 4.Nxd4 Nf6 5.f3 Nc6 6.Nc3 e5 7.Nb3 Be7 8.Be3 Be6
9.Qe2 O-O 10.O-O-O a5 11.Nc5 Qc8 12.Nxe6 fxe6 13.Qc4 Kh8 14.g3 Ne8 15.Bh3 Nc7
16.Rhf1 Ra6 17.a4 Nb4 18.Kb1 Rc6 19.Qb3 Rf6 20.Rf2 Qe8 21.Nb5 d5 22.Nxc7 Rxc7
23.c3 d4 24.cxd4 exd4 25.Bxd4 Rf8 26.Bxe6 b5 27.axb5 Qxb5 28.Rfd2 a4 29.Qe3 Qc6
30.Bd5 Qg6 31.Bc3 a3 32.Bxb4 Bxb4 33.Rc2 Rxc2 34.Kxc2 axb2 35.Kxb2 Rb8 36.Bb3 Qa6
37.Rd3 Rc8 38.Kb1 Qa3 39.e5 Bc5 40.Qd2 Be7 41.f4 h6 42.h4 Rb8 43.Qc3 Bb4
44.Qc4 Qa7 45.Qd4 Bc5 46.Qc4 Bb4 47.Qd4 Bc5 48.Qc4 Bb4  1/2-1/2

[Event "Titled Tue 23rd Dec 2025"]
[Site "chess.com INT"]
[Date "2025.12.23"]
[Round "8"]
[White "Maghsoodloo,Parham"]
[Black "Nakamura,Hi"]
[Result "1/2-1/2"]
[WhiteElo "2708"]
[BlackElo "2810"]

1.d4 Nf6 2.c4 e6 3.Nc3 Bb4 4.e3 O-O 5.Bd3 c5 6.Ne2 d5 7.cxd5 cxd4 8.exd4 Nxd5
9.O-O Nc6 10.a3 Bd6 11.Nxd5 exd5 12.Re1 Bg4 13.h3 Bh5 14.Be3 Bc7 15.Qd2 Bg6
16.Bxg6 hxg6 17.Bf4 Bb6 18.b4 Re8 19.Be3 Qd7 20.Rad1 Re6 21.Nf4 Re4 22.f3 Ree8
23.Bf2 g5 24.Nd3 f6 25.Nc5 Qf7 26.Bg3 Rxe1+ 27.Rxe1 Re8 28.Rxe8+ Qxe8 29.Bf2 Qf7
30.a4 a6 31.Qc3 Qc7 32.Qb3 Qf7 33.b5 axb5 34.Qxb5 Bxc5 35.Qxc5 Qd7 36.Qb6 Ne7
37.a5 Nc6 38.Bg3 Kh7 39.Kh2 Kh8 40.Qb5 Kg8 41.Qb6 Qc8 42.Qc5 Qd7 43.Qb5 Kh7
44.Qb6 Qc8 45.Qb1+ Kh8 46.Qb6 Kh7 47.Qb5 Qd7 48.Qb1+ Kh8 49.Qb6 Qc8 50.Qc5 Qd7
51.Qb5 Kh7  1/2-1/2

[Event "Titled Tue 23rd Dec 2025"]
[Site "chess.com INT"]
[Date "2025.12.23"]
[Round "9"]
[White "Nakamura,Hi"]
[Black "Ashraf,Artin"]
[Result "1-0"]
[WhiteElo "2810"]
[BlackElo "2470"]

1.e4 e5 2.Nf3 Nc6 3.Nc3 Nf6 4.d4 exd4 5.Nxd4 Bb4 6.Nxc6 bxc6 7.Bd3 d5 8.exd5 O-O
9.O-O cxd5 10.h3 h6 11.Qf3 c6 12.Bf4 Bd6 13.Rfe1 Rb8 14.b3 Be6 15.Ne2 c5
16.Rad1 Re8 17.c3 Rb6 18.Bc2 Bc8 19.Bc1 Bb7 20.Ng3 Bb8 21.Qd3 Rbe6 22.Rxe6 Rxe6
23.Nf1 Ne4 24.f3 Nf6 25.Be3 Qe7 26.Bf2 g6 27.Qd2 Nh5 28.Re1 Nf4 29.Rxe6 Nxe6
30.Qxh6 Nf4 31.Bd1 Be5 32.Qh4 Qxh4 33.Bxh4 Bxc3 34.Bg3 Ne6 35.Bb8 a5 36.Be2 Nd4
37.Bd3 a4 38.bxa4 c4 39.Bb1 Ne6 40.Ne3 Bd4 41.Kf2 Bc5 42.Ke2 Nf4+ 43.Bxf4 Ba6
44.Nxd5 c3+ 45.Bd3  1-0

[Event "Titled Tue 23rd Dec 2025"]
[Site "chess.com INT"]
[Date "2025.12.23"]
[Round "10"]
[White "Carlsen,M"]
[Black "Nakamura,Hi"]
[Result "1/2-1/2"]
[WhiteElo "2840"]
[BlackElo "2810"]

1.e4 e5 2.Nf3 Nc6 3.Nc3 Nf6 4.d4 exd4 5.Nxd4 Nxe4 6.Nxc6 Nxc3 7.Nxd8 Nxd1
8.Nxf7 Kxf7 9.Bc4+ Kf6 10.Kxd1 c6 11.b3 d5 12.Bb2+ Kf7 13.Bd3 Bc5 14.Kd2 Bd7
15.Rae1 Bb4+ 16.c3 Bd6 17.c4 Be6 18.Bxg7 Rhg8 19.Be5 Bb4+ 20.Bc3 Bxc3+ 21.Kxc3 Rxg2
22.Bxh7 Rh8 23.Bd3 dxc4 24.Bxc4 Bxc4 25.Kxc4 Rxf2 26.Ref1 Rxh2 27.Rxh2 Rxf1
28.Rh7+ Ke6 29.Rxb7 Kd6 30.Rxa7 Rf2 31.b4 Rf4+ 32.Kb3 c5 33.Ra6+ Kd5 34.a3 c4+
35.Ka4 Rf8 36.Rh6 Ra8+ 37.Kb5 c3 38.Rh5+ Kd4 39.Rh4+ Kd5 40.Rh1 Rxa3 41.Rd1+ Ke6
42.Kc4 c2 43.Rc1 Kd6 44.Rxc2 Kc6 45.Rh2 Rg3 46.Rh6+ Kb7 47.Kb5 Rg5+ 48.Ka4 Rf5
49.Rh7+ Kb6 50.Rg7 Re5 51.Rg6+ Kb7 52.Rh6 Rf5 53.Rh4 Kb6 54.Kb3 Kb5 55.Rh3 Re5
56.Rd3 Rf5 57.Rc3 Re5 58.Rc5+ Rxc5 59.bxc5 Kxc5  1/2-1/2

[Event "Titled Tue 23rd Dec 2025"]
[Site "chess.com INT"]
[Date "2025.12.23"]
[Round "11"]
[White "Nakamura,Hi"]
[Black "Pranav,V"]
[Result "1-0"]
[WhiteElo "2810"]
[BlackElo "2641"]

1.e4 e5 2.Nf3 Nc6 3.Nc3 Nf6 4.d4 exd4 5.Nxd4 Bb4 6.Nxc6 bxc6 7.Bd3 d5 8.exd5 O-O
9.O-O cxd5 10.h3 c6 11.Qf3 Rb8 12.Bf4 Bd6 13.b3 Rb4 14.Bd2 Re8 15.Rfe1 Rxe1+
16.Rxe1 h6 17.Ne2 Rb8 18.Nd4 Bd7 19.Nf5 Bxf5 20.Qxf5 Bb4 21.c3 Bd6 22.Qf3 Bc7
23.Be3 Bb6 24.Bf4 Bc7 25.Bd2 Ba5 26.Qg3 Bc7 27.Qe3 Bb6 28.Qf3 Bc7 29.Re2 c5
30.g3 Qd6 31.Bf4 Qc6 32.Be3 Re8 33.c4 Bb6 34.Kg2 Qd7 35.cxd5 Qxd5 36.Bc4 Qxf3+
37.Kxf3 Kf8 38.Rc2 Nd7 39.Bb5 Ne5+ 40.Kg2 Rc8 41.f4 Ng6 42.b4 c4 43.Bxb6 axb6
44.Rxc4 Rd8 45.a4 Ne7 46.Rc3 g5 47.fxg5 hxg5 48.a5 Rd2+ 49.Kf3 bxa5 50.bxa5 Ra2
51.a6 Nf5 52.Bd3 Nd4+ 53.Ke4 Ne6 54.Kd5 Ke7 55.Kc6 Kd8 56.Bc4 Ra1 57.Rd3+ Ke8
58.Kb6 Rb1+ 59.Bb5+  1-0

[Event "2nd 3-0 Thu 1st Jan 2026"]
[Site "chess.com INT"]
[Date "2026.01.01"]
[Round "1"]
[White "Nakamura,Hi"]
[Black "Vlassov,N"]
[Result "1-0"]
[WhiteElo "2810"]
[BlackElo "2322"]

1.Nf3 f5 2.g3 d6 3.d3 e5 4.e4 Nc6 5.Bg2 Nf6 6.Nc3 h6 7.O-O g5 8.exf5 Bxf5
9.d4 e4 10.Nd2 d5 11.f3 Nxd4 12.Nb3 Nxb3 13.axb3 Bg7 14.fxe4 Bxe4 15.Nxe4 dxe4
16.Qxd8+ Kxd8 17.Be3 a6 18.Bd4 Ke7 19.Bxe4 Nxe4 20.Bxg7 Rhg8 21.Rae1 Rxg7
22.Rxe4+ Kd6 23.Rf6+ Kd5 24.Rfe6 a5 25.c3  1-0

[Event "1st 3-0 Thu 1st Jan 2026"]
[Site "chess.com INT"]
[Date "2026.01.01"]
[Round "1"]
[White "Nakamura,Hi"]
[Black "Avramidou,Anastasia"]
[Result "1-0"]
[WhiteElo "2810"]
[BlackElo "2310"]

1.d4 Nf6 2.Nf3 e6 3.e3 c5 4.Bd3 Nc6 5.O-O b6 6.b3 Bb7 7.Bb2 Be7 8.dxc5 bxc5
9.c4 O-O 10.Nc3 d5 11.cxd5 exd5 12.Rc1 d4 13.exd4 Nxd4 14.Nxd4 cxd4 15.Ne2 Qd5
16.f3 Bc5 17.Rc4 Rad8 18.Kh1 Bb6 19.Bxd4 Ba6 20.Bxb6 Bxc4 21.bxc4 Qxd3 22.Bxd8 Rxd8
23.Qxd3 Rxd3 24.Rc1 Ne8 25.c5 Nc7 26.Nc3 Rd2 27.a4 a6 28.h4 Kf8 29.Ne4 Ra2
30.Rc4 Ke7 31.c6 Ke6 32.Rd4 Rc2 33.Rd6+ Ke5 34.Rd7 Ne6 35.Rxf7 Rxc6 36.Ra7 Kf4
37.Kh2 Ke3 38.Re7 Kd3 39.Rxe6  1-0

[Event "1st 3-0 Thu 1st Jan 2026"]
[Site "chess.com INT"]
[Date "2026.01.01"]
[Round "2"]
[White "Germanovs,Georgijs"]
[Black "Nakamura,Hi"]
[Result "0-1"]
[WhiteElo "2260"]
[BlackElo "2810"]

1.e4 c5 2.Nf3 Nc6 3.c3 d5 4.exd5 Qxd5 5.d4 e6 6.Be3 cxd4 7.cxd4 Nf6 8.Nc3 Qd6
9.Bd3 Be7 10.h3 O-O 11.O-O Rd8 12.a3 Bd7 13.Rc1 Rac8 14.Qd2 Be8 15.Bb5 Qb8
16.Rfd1 a6 17.Bd3 Na5 18.Qc2 Nc4 19.Bg5 h6 20.Bh4 b5 21.Qe2 Qb7 22.Ne4 Nxe4
23.Bxe4 Qa7 24.Bxe7 Qxe7 25.d5 exd5 26.Bh7+ Kf8 27.Qf1 g6 28.b3 Nd6 29.Rxd5 Rxc1
30.Qxc1 Kg7 31.Re5 Qf6 32.Bxg6 fxg6 33.Qc7+ Bf7 34.Re7 Re8 35.Rd7 Ne4 36.Qa7 Kg8
37.b4 g5 38.Nh2 h5 39.Nf1 Rc8 40.Qb7 Qxf2+ 41.Kh2 Qf4+ 42.Kg1 Rc1 43.Rxf7 Rxf1+  0-1

[Event "2nd 3-0 Thu 1st Jan 2026"]
[Site "chess.com INT"]
[Date "2026.01.01"]
[Round "2"]
[White "Pakleza,Z"]
[Black "Nakamura,Hi"]
[Result "0-1"]
[WhiteElo "2504"]
[BlackElo "2810"]

1.d4 g6 2.Nf3 Bg7 3.Bf4 c5 4.c3 d6 5.dxc5 dxc5 6.Qxd8+ Kxd8 7.Na3 a6 8.O-O-O+ Nd7
9.Nc4 Ke8 10.e4 Bh6 11.Bxh6 Nxh6 12.h3 f6 13.e5 b5 14.e6 Nf8 15.Nb6 Rb8 16.Nxc8 Rxc8
17.a4 Rb8 18.Re1 Nf5 19.Bd3 Ng7 20.Re3 Ngxe6 21.Rhe1 Kf7 22.axb5 axb5 23.c4 b4
24.Be4 Nc7 25.g4 h6 26.Kc2 e5 27.Ra1 Nfe6 28.Ra7 Rhe8 29.Rd3 Re7 30.Nh4 Rg8
31.Rd6 Nf4 32.Kb3 Nce6 33.Raa6 Kg7 34.Bxg6 Nd4+ 35.Ka4 Nxg6 36.Nf5+ Nxf5
37.gxf5 Nh4 38.Rxf6 Rf8 39.Rxh6 Ra7 40.Rxa7+ Kxh6 41.Kb5 Rc8 42.f6 Nf5 43.Rd7 Nd4+
44.Kb6 Rc6+ 45.Kb7 Rxf6 46.Rd5 Nb3 47.Rxe5 Rxf2  0-1

[Event "1st 3-0 Thu 1st Jan 2026"]
[Site "chess.com INT"]
[Date "2026.01.01"]
[Round "3"]
[White "Nakamura,Hi"]
[Black "Ter Sahakyan,S"]
[Result "1-0"]
[WhiteElo "2810"]
[BlackElo "2613"]

1.Nf3 d5 2.d4 Nf6 3.e3 c5 4.c4 cxd4 5.exd4 Nc6 6.h3 a6 7.Nc3 Bf5 8.a3 e6
9.c5 Be7 10.Bd3 Bxd3 11.Qxd3 O-O 12.O-O b6 13.b4 bxc5 14.bxc5 Qc7 15.Re1 Rfd8
16.g3 Ne4 17.Nxe4 dxe4 18.Qxe4 Rd5 19.Bf4 Qd7 20.Ne5 Qe8 21.Nxc6 Qxc6 22.Rab1 Bd8
23.Be5 Bc7 24.Bxc7 Qxc7 25.Rec1 Rad8 26.c6 h5 27.Rb7 Qc8 28.c7  1-0

[Event "2nd 3-0 Thu 1st Jan 2026"]
[Site "chess.com INT"]
[Date "2026.01.01"]
[Round "3"]
[White "Nakamura,Hi"]
[Black "Moosavifar,Seyed Abolfazl"]
[Result "1-0"]
[WhiteElo "2810"]
[BlackElo "2379"]

1.Nf3 d5 2.g3 Nf6 3.Bg2 e6 4.O-O b6 5.d3 Bb7 6.Nbd2 c5 7.c3 Be7 8.Qc2 O-O
9.e4 Nc6 10.Re1 Qc7 11.Nf1 Rfd8 12.e5 Nd7 13.Bf4 b5 14.h4 c4 15.d4 b4 16.h5 a5
17.h6 g6 18.Ne3 Re8 19.Qd2 Qd8 20.Ng4 a4 21.a3 bxa3 22.bxa3 Na5 23.Qe3 Nb3
24.Ra2 Bc6 25.Bg5 Rb8 26.Rb2 Nxd4 27.Nxd4 Rxb2 28.Bxe7 Qxe7 29.Nxc6 Qxa3
30.Qf4 Qf8 31.Ra1 a3 32.Nb4 Ra8 33.Nxd5 exd5 34.Bxd5 Ra6 35.Bxc4 a2 36.Kh2 Nc5
37.Bxa6 Nxa6 38.Qc4 Nc5 39.Rxa2 Rxa2 40.Qxa2 Ne6 41.f4 Qc5 42.Qa8+ Nf8 43.Kh3 g5
44.f5 Kh8 45.Qd8  1-0

[Event "2nd 3-0 Thu 1st Jan 2026"]
[Site "chess.com INT"]
[Date "2026.01.01"]
[Round "4"]
[White "Ashraf,Artin"]
[Black "Nakamura,Hi"]
[Result "0-1"]
[WhiteElo "2470"]
[BlackElo "2810"]

1.e4 c5 2.Nc3 Nc6 3.Nge2 e5 4.Ng3 g6 5.Bc4 Bg7 6.d3 h5 7.f4 h4 8.Nf1 d6 9.h3 Nf6
10.Bb5 Nh5 11.fxe5 Bxe5 12.Be3 Qa5 13.Nd2 Ng3 14.Rg1 Be6 15.Bxc6+ bxc6 16.Nf3 Bg7
17.Qd2 Rb8 18.Nd1 Qxd2+ 19.Kxd2 f5 20.exf5 Nxf5 21.Bg5 Kd7 22.Rb1 Rhf8 23.Nc3 Nd4
24.Ne4 Rxf3 25.gxf3 Nxf3+ 26.Ke2 Nxg1+ 27.Rxg1 Rxb2 28.Kd2 Bf5 29.Bf4 c4
30.Nxd6 Bxd3 31.Rc1 Rxa2 32.Kd1 Bf5 33.Nxf5 gxf5 34.Kd2 Ra1 35.Rxa1 Bxa1
36.c3 a5 37.Kc2 a4 38.Bg5 a3 39.Bxh4 a2 40.Be1 f4 41.h4 f3 42.h5 f2 43.Bxf2 Bxc3  0-1

[Event "1st 3-0 Thu 1st Jan 2026"]
[Site "chess.com INT"]
[Date "2026.01.01"]
[Round "4"]
[White "Nepomniachtchi,I"]
[Black "Nakamura,Hi"]
[Result "1/2-1/2"]
[WhiteElo "2723"]
[BlackElo "2810"]

1.e4 e5 2.Nf3 Nc6 3.Bb5 Nf6 4.d3 Bc5 5.c3 O-O 6.O-O Re8 7.Bg5 h6 8.Bh4 Be7
9.Bxc6 dxc6 10.Bg3 Bd6 11.h3 a5 12.Nbd2 Nd7 13.Nc4 b5 14.Nxd6 cxd6 15.d4 Qe7
16.Re1 a4 17.Rc1 Ba6 18.b3 axb3 19.axb3 c5 20.Qd2 Bb7 21.Qd3 Ba6 22.Qd2 Bb7
23.Qd3 Ba6 24.Qd2  1/2-1/2

[Event "1st 3-0 Thu 1st Jan 2026"]
[Site "chess.com INT"]
[Date "2026.01.01"]
[Round "5"]
[White "Nakamura,Hi"]
[Black "Pranav,V"]
[Result "1-0"]
[WhiteElo "2810"]
[BlackElo "2641"]

1.d4 Nf6 2.Nf3 e6 3.e3 b6 4.b3 Bb7 5.Bb2 d5 6.Bd3 Nbd7 7.O-O Bd6 8.c4 O-O
9.cxd5 exd5 10.Nc3 Ne4 11.Rc1 a6 12.a3 Re8 13.b4 Ndf6 14.Ne5 Nxc3 15.Bxc3 Ne4
16.Bb2 Qh4 17.f4 Qe7 18.Bxe4 dxe4 19.f5 f6 20.Qb3+ Kf8 21.Nc6 Qf7 22.d5 Qh5
23.g3 Bxc6 24.Rxc6 Qg4 25.Kg2 a5 26.b5 Rad8 27.a4 Re7 28.Ba3 Bxa3 29.Qxa3 Qe2+
30.Rf2 Qd3 31.Rc3 Qxd5 32.Rxc7 Rd6 33.Rcc2 Kf7 34.Qc3 Red7 35.Qc8 Qd1 36.Qc4+ Qd5
37.Qc8 Qd1 38.Rc7 h5 39.Rxd7+ Rxd7 40.Qc6 Qd5 41.Qxb6 h4 42.Qc6 Qd3 43.Qe6+ Kf8
44.b6 Re7 45.Qc8+ Kf7 46.b7 Re8 47.Qxe8+  1-0

[Event "2nd 3-0 Thu 1st Jan 2026"]
[Site "chess.com INT"]
[Date "2026.01.01"]
[Round "5"]
[White "Martinez Alcantara,Jose Eduardo"]
[Black "Nakamura,Hi"]
[Result "1-0"]
[WhiteElo "2667"]
[BlackElo "2810"]

1.c4 e5 2.g3 Nf6 3.Bg2 c6 4.Nf3 e4 5.Nd4 Qb6 6.e3 d5 7.cxd5 cxd5 8.Nc3 Bg4
9.Qb3 Qxb3 10.axb3 Nc6 11.Nxc6 bxc6 12.h3 Bf3 13.Bxf3 exf3 14.Kd1 Bd6 15.Kc2 h5
16.d3 Kd7 17.Bd2 g5 18.Nb1 Be5 19.Bc3 Bxc3 20.bxc3 g4 21.Nd2 a5 22.e4 dxe4
23.Nxe4 Nxe4 24.dxe4 Ke6 25.Kd3 Rhd8+ 26.Ke3 Rab8 27.hxg4 hxg4 28.Ra3 Rb5
29.Rh4 Rg5 30.Kf4 Rdg8 31.Ra4 f6 32.Rc4 c5 33.Ra4 Rb8 34.Rxa5 Rxb3 35.Ra6+ Kf7
36.Rh6 Kg8 37.Rhxf6 Rg7 38.Ra8+ Kh7 39.Rff8 Rxc3 40.Kf5 Kh6 41.Ra6+ Kh7 42.Raa8 Kh6
43.Rh8+ Rh7 44.Ra6+ Kg7 45.Rc8 Rh5+ 46.Kxg4 Re5 47.Rc7+ Kf8 48.Ra8+ Re8 49.Rxe8+ Kxe8
50.Kf4 c4 51.g4 Kd8 52.Rc5 Ke7 53.e5 Ke6 54.g5 Rc1 55.g6 c3 56.Rc6+ Ke7 57.Rc7+ Kf8
58.e6 Re1 59.Kf5 c2  1-0

[Event "2nd 3-0 Thu 1st Jan 2026"]
[Site "chess.com INT"]
[Date "2026.01.01"]
[Round "6"]
[White "Nakamura,Hi"]
[Black "Caruana,F"]
[Result "1-0"]
[WhiteElo "2810"]
[BlackElo "2795"]

1.e4 c5 2.c3 d5 3.exd5 Qxd5 4.Nf3 Nf6 5.Na3 e6 6.d4 a6 7.Nc4 Nbd7 8.Be2 b5
9.Ne3 Qc6 10.a4 Bb7 11.axb5 axb5 12.Rxa8+ Bxa8 13.O-O Bd6 14.c4 bxc4 15.Nxc4 Be7
16.Re1 O-O 17.Bf1 Rd8 18.Qb3 Qc7 19.Bd2 Rb8 20.Qd3 Bd5 21.Rc1 Qb7 22.Bf4 Ra8
23.Nfd2 cxd4 24.Qxd4 Bc5 25.Qd3 h6 26.h3 Rd8 27.Qc3 Qa7 28.Be3 Bxe3 29.Nxe3 Rb8
30.b4 Qb6 31.b5 Bb7 32.Qb3 Nc5 33.Qb4 Nce4 34.Ndc4 Qd4 35.Rd1 Qc5 36.Qxc5 Nxc5
37.Nd6 Nfe4 38.Nxb7 Rxb7 39.Rc1 Na4 40.Rc8+ Kh7 41.Bd3 f5 42.Bxe4 fxe4 43.Rc4 Nb2
44.Rb4 Nd3 45.Rb1 Ne5 46.b6 Kg6 47.Rb5 Kf6 48.Kf1 g5 49.Ke2 h5 50.g3 h4 51.g4 Nd3
52.Nc4 Nf4+ 53.Kf1 Nd5 54.Rb2 Ke7 55.Kg1 Kd7 56.Nd2 Nf6 57.Rb5 Kc6 58.Rxg5 Rxb6
59.Rg6 Rb2 60.Rxf6 Rxd2 61.Rxe6+ Kd5 62.Re8 Ra2 63.Rd8+ Ke5 64.Rh8 Kf4 65.Rf8+ Ke5
66.g5 Ra6 67.Rg8 Kf5 68.Kf1 Rg6 69.Re8 Rxg5 70.Rh8 e3 71.fxe3 Rg3 72.Kf2 Rxh3
73.Rf8+ Kg4 74.Rg8+ Kf5 75.Rh8 Kg4 76.e4 Rh2+ 77.Ke3 Rh1 78.Rg8+ Kh3 79.Kf2 Rh2+
80.Kf3 Ra2 81.e5 Ra3+ 82.Kf4 Ra4+ 83.Kf5 Ra5 84.Kf4 Ra4+ 85.Kf3 Ra5 86.e6 Re5
87.Rg6 Rf5+ 88.Ke4 Rf1 89.Ke5 Re1+ 90.Kf4 Kh2 91.Rh6 h3 92.Kf3 Rf1+ 93.Ke2 Rf5
94.Rh7 Re5+ 95.Kf2 Rf5+ 96.Ke3 Re5+ 97.Kf4 Rxe6 98.Kg4 Rg6+ 99.Kf5 Rf6+ 100.Kxf6  1-0

[Event "1st 3-0 Thu 1st Jan 2026"]
[Site "chess.com INT"]
[Date "2026.01.01"]
[Round "6"]
[White "Nakamura,Hi"]
[Black "Terry,R"]
[Result "1/2-1/2"]
[WhiteElo "2810"]
[BlackElo "2508"]

1.d4 e6 2.Nf3 Nf6 3.e3 b6 4.b3 Bb7 5.Bb2 g6 6.Bd3 Bg7 7.Nbd2 O-O 8.c4 d6
9.e4 Nh5 10.O-O c5 11.Rb1 Nf4 12.Bc2 Qe7 13.g3 Nh5 14.Re1 Nc6 15.d5 Nb4 16.Bxg7 Kxg7
17.a3 Nxc2 18.Qxc2 e5 19.b4 Bc8 20.bxc5 bxc5 21.Nf1 Bh3 22.Rb3 Rab8 23.Reb1 Rxb3
24.Rxb3 f5 25.exf5 Rxf5 26.N3d2 Rf7 27.Ne3 Nf6 28.Rb8 Qd7 29.Qb2 Ng4 30.Nxg4 Qxg4
31.f3 Rxf3 32.Nxf3 Qxf3 33.Rb7+ Kg8 34.Rb8+ Kg7 35.Rb7+ Kg8 36.Rb8+ Kg7  1/2-1/2

[Event "1st 3-0 Thu 1st Jan 2026"]
[Site "chess.com INT"]
[Date "2026.01.01"]
[Round "7"]
[White "Tsydypov,Z"]
[Black "Nakamura,Hi"]
[Result "0-1"]
[WhiteElo "2495"]
[BlackElo "2810"]

1.e4 c5 2.Nf3 Nc6 3.Bb5 Nf6 4.Nc3 Qc7 5.O-O Nd4 6.Re1 a6 7.Bf1 Ng4 8.g3 Nxf3+
9.Qxf3 Ne5 10.Qg2 e6 11.d3 Be7 12.a4 O-O 13.f4 Nc6 14.Be3 b6 15.Qf2 f6 16.Bg2 Bb7
17.Ne2 Nb4 18.Rac1 f5 19.Bd2 Rac8 20.Bc3 Bc6 21.exf5 Rxf5 22.Bxc6 Nxc6 23.Qg2 d5
24.Kh1 b5 25.Ng1 b4 26.Bd2 Qd7 27.Nf3 Re8 28.Re2 Rf7 29.Rce1 Bf6 30.c3 a5
31.g4 Rff8 32.g5 Bd8 33.Qg4 Bc7 34.g6 h6 35.Qh5 Bxf4 36.Bxf4 Rxf4 37.Qh3 bxc3
38.bxc3 Ref8 39.Ne5 Nxe5 40.Rxe5 R4f6 41.Rxe6 Rxg6 42.Qe3 Rg5 43.Qxc5 Qxa4
44.Qe3 Qc2 45.Qe2 Qxc3 46.Re8 Rxe8 47.Qxe8+ Kh7 48.Qe3 a4 49.Rf1 a3 50.h4 Rg4
51.Qf3 Rxh4+ 52.Kg2 Qe5 53.Rf2 Rh2+ 54.Kf1 Rxf2+ 55.Qxf2 Qf6  0-1

[Event "2nd 3-0 Thu 1st Jan 2026"]
[Site "chess.com INT"]
[Date "2026.01.01"]
[Round "7"]
[White "Xiong,Jeffery"]
[Black "Nakamura,Hi"]
[Result "0-1"]
[WhiteElo "2656"]
[BlackElo "2810"]

1.e4 c5 2.Nf3 Nc6 3.Bb5 Nf6 4.Bxc6 dxc6 5.d3 g6 6.h3 Bg7 7.a4 b6 8.O-O O-O
9.Na3 a5 10.Bd2 Nd7 11.Bc3 e5 12.Nc4 Qc7 13.b3 Re8 14.Qd2 Nf8 15.Rae1 f6
16.Nh2 Ne6 17.Ng4 h5 18.Nh2 Kh7 19.Nf3 Nf4 20.Kh2 Be6 21.Ng1 Bf7 22.g3 Ne6
23.f4 exf4 24.gxf4 b5 25.axb5 cxb5 26.Bxa5 Qb8 27.Nb6 Nxf4 28.Rxf4 Rxa5 29.Nd7 Qc7
30.e5 Ra6 31.exf6 Bh6 32.Nf8+ Rxf8  0-1

[Event "2nd 3-0 Thu 1st Jan 2026"]
[Site "chess.com INT"]
[Date "2026.01.01"]
[Round "8"]
[White "Taher,Yoseph Theolifus"]
[Black "Nakamura,Hi"]
[Result "0-1"]
[WhiteElo "2451"]
[BlackElo "2810"]

1.Nf3 g6 2.g3 Bg7 3.Bg2 e5 4.O-O d5 5.d3 Ne7 6.c4 O-O 7.cxd5 Nxd5 8.Nc3 Ne7
9.Bd2 Nbc6 10.Rc1 h6 11.a3 a5 12.Na4 b6 13.b4 axb4 14.axb4 Be6 15.b5 Na5
16.Rb1 Qd7 17.Nc3 Bh3 18.Qc2 Bxg2 19.Kxg2 Nb7 20.Rfc1 Nd6 21.Qb3 Ndf5 22.Ne4 Nd5
23.Qc4 Rfd8 24.Qc6 Qxc6 25.Rxc6 Ra2 26.Rcc1 Nd4 27.Ra1 Rxa1 28.Rxa1 Nxe2
29.Re1 Nd4 30.Nxd4 exd4 31.g4 Ra8 32.Rc1 Ra2 33.g5 hxg5 34.Bxg5 f6 35.Bh4 Rb2
36.Bg3 f5 37.Ng5 Bh6 38.h4 f4 39.Bh2 Bxg5 40.hxg5 Rxb5 41.Kf3 Rc5 42.Ra1 Kf7
43.Ke4 Ke6 44.Ra8 Rc2 45.Re8+ Kd7 46.Rg8 Ne7 47.Rg7 Rxf2 48.Bxf4 c5 49.Be5 Ke6
50.Bf6 Nd5  0-1

[Event "1st 3-0 Thu 1st Jan 2026"]
[Site "chess.com INT"]
[Date "2026.01.01"]
[Round "8"]
[White "Nakamura,Hi"]
[Black "Ashraf,Artin"]
[Result "0-1"]
[WhiteElo "2810"]
[BlackElo "2470"]

1.d4 d5 2.Nf3 Nf6 3.e3 c6 4.c4 Bf5 5.Nc3 e6 6.Nh4 Bg6 7.Nxg6 hxg6 8.Rb1 Nbd7
9.c5 a5 10.a3 b5 11.b4 axb4 12.Rxb4 e5 13.a4 Qa5 14.Qb3 Nxc5 15.dxc5 Bxc5
16.Ba3 O-O 17.Kd1 d4 18.exd4 exd4 19.Na2 Ne4 20.Kc1 Qc7 21.Qf3 Bxb4 22.Bxb4 c5
23.Qxe4 cxb4+ 24.Kb1 b3 25.Nc1 Rxa4 26.Nxb3 Rfa8 27.Qd3 Rb4 28.Kb2 Qa5 29.Kc1 Qa3+
30.Kc2 Qa2+ 31.Kd1 Rxb3 32.Qc2 Rb1+ 33.Kd2 Rb2 34.Bd3 Rxc2+ 35.Bxc2 Rc8 36.Rc1 b4
37.Kd3 Rc3+ 38.Kxd4 Rxc2 39.Re1 Qc4+  0-1